[Event "European Online Club-ch-I 2021"]
[Site "Online"]
[Date "2021.03.27"]
[Round "4.12"]
[White "Daulyte-Cornette, Deimante"]
[Black "Devallee, Jeremie"]
[Result "1-0"]
[WhiteElo "2387"]
[BlackElo "2220"]
[Annotator "NA"]
[PlyCount "55"]
[EventDate "2021.03.27"]
[EventType "team-tourn"]
[EventCountry "NET"]
[SourceTitle "playchess.com"]
[Source "ChessBase"]
[SourceQuality "1"]
[TimeControl "900+5"]

1. e4 {[%emt 0:00:00]} c5 {[%emt 0:00:03]} 2. Nc3 {[%emt 0:00:10]} d6 {[%emt 0:00:14]} 3. f4 {[%emt 0:00:05]} g6 {[%emt 0:00:08]} 4. Nf3 {[%emt 0:00:02]} Bg7 {[%emt 0:00:02]} 5. Bb5+ {[%emt 0:00:03]} Nd7 {[%emt 0:00:05]} 6. O-O {[%emt 0:01:58]} a6 {[%emt 0:00:06]} 7. Bc4 {[%emt 0:00:05]} e6 {[%emt 0:00:38]} 8. f5 {[%emt 0:00:14]} Ne5 {[%emt 0:00:17]} 9. fxe6 {[%emt 0:00:51]} fxe6 {[%emt 0:01:02]} 10. d3 {[%emt 0:01:04]} Nf6 {[%emt 0:07:20]} 11. Nxe5 {[%emt 0:00:14]} dxe5 {[%emt 0:00:02]} 12. Be3 {[%emt 0:00:06]} Qc7 {[%emt 0:00:29]} 13. a4 {[%emt 0:00:05]} b6 {[%emt 0:00:08]} 14. Qe2 {[%emt 0:01:38]} O-O {[%emt 0:00:10]} 15. Rf2 {[%emt 0:00:04]} Bd7 {[%emt 0:00:08]} 16. Raf1 {[%emt 0:00:06]} Ne8 {[%emt 0:02:50]} 17. Rxf8+ {[%emt 0:02:18]} Bxf8 {[%emt 0:00:03]} 18. Qf2 {[%emt 0:00:02]} Nd6 {[%emt 0:00:23]} 19. Nd5 {[%emt 0:00:04]} Qd8 {[%emt 0:01:04]} 20. Nf6+ {[%emt 0:00:16]} Kh8 {[%emt 0:00:15]} 21. Qh4 {[%emt 0:00:45]} h5 {[%emt 0:00:05]} 22. Qg5 {[%emt 0:00:32]} Be8 {[%emt 0:00:23]} 23. Nxh5 {[%emt 0:02:32]} Qxg5 {[%emt 0:00:37]} 24. Rxf8+ {[%emt 0:00:08]} Kh7 {[%emt 0:00:02]} 25. Bxg5 {[%emt 0:00:02]} gxh5 {[%emt 0:00:15]} 26. Bxe6 {[%emt 0:00:05]} Bc6 {[%emt 0:00:13]} 27. Rxa8 {[%emt 0:00:06]} Bxa8 {[%emt 0:00:03]} 28. Bf6 {[%emt 0:00:09]} 1-0

[Event "European Online Club-ch-I 2021"]
[Site "Online"]
[Date "2021.03.27"]
[Round "4.13"]
[White "Moranda, Wojciech"]
[Black "Iskandarov, Misratdin"]
[Result "1-0"]
[WhiteElo "2618"]
[BlackElo "2535"]
[Annotator "ChessBase"]
[PlyCount "91"]
[EventDate "2021.03.27"]
[EventType "team-tourn"]
[EventCountry "NET"]
[SourceTitle "playchess.com"]
[Source "ChessBase"]
[SourceQuality "1"]
[TimeControl "900+5"]

1. d4 {[%emt 0:00:00]} Nf6 {[%emt 0:00:08]} 2. c4 {[%emt 0:00:02]} e6 {[%emt 0:00:07]} 3. Nf3 {[%emt 0:00:02]} b6 {[%emt 0:00:04]} 4. g3 {[%emt 0:00:02]} Bb7 {[%emt 0:00:02]} 5. Bg2 {[%emt 0:00:01]} Be7 {[%emt 0:00:02]} 6. O-O {[%emt 0:00:01]} O-O {[%emt 0:00:02]} 7. Re1 {[%emt 0:00:01]} d5 {[%emt 0:00:55]} 8. cxd5 {[%emt 0:00:02]} exd5 {[%emt 0:00:02]} 9. Nc3 {[%emt 0:00:01]} Nbd7 {[%emt 0:00:03]} 10. Bf4 {[%emt 0:00:03]} a6 {[%emt 0:00:31]} 11. Qc2 {[%emt 0:00:25]} Rc8 {[%emt 0:00:16]} 12. Rad1 {[%emt 0:00:04]} Re8 {[%emt 0:00:22]} 13. Bh3 {[%emt 0:00:49]} b5 {[%emt 0:01:08]} 14. Ne5 {[%emt 0:00:24]} c5 {[%emt 0:01:19]} 15. Nxd7 {[%emt 0:00:34]} Nxd7 {[%emt 0:00:04]} 16. dxc5 {[%emt 0:00:28]} Bxc5 {[%emt 0:01:27]} 17. Qf5 {[%emt 0:01:30]} Nf6 {[%emt 0:00:27]} 18. Bg5 {[%emt 0:01:34]} Re6 {[%emt 0:03:30]} 19. Qf3 {[%emt 0:01:43]} Qb6 {[%emt 0:02:11]} 20. Bxe6 {[%emt 0:00:47]} fxe6 {[%emt 0:00:03]} 21. Bxf6 {[%emt 0:00:53]} Rf8 {[%emt 0:00:03]} 22. e3 {[%emt 0:00:54]} Rxf6 {[%emt 0:00:08]} 23. Qg4 {[%emt 0:00:18]} Qc6 {[%emt 0:00:52]} 24. Rd4 {[%emt 0:02:38]} b4 {[%emt 0:01:40]} 25. Nd1 {[%emt 0:00:22]} e5 {[%emt 0:00:52]} 26. Rd2 {[%emt 0:00:05]} d4 {[%emt 0:00:15]} 27. e4 {[%emt 0:00:01]} Qe8 {[%emt 0:00:15]} 28. Qe2 {[%emt 0:00:17]} Qf7 {[%emt 0:00:12]} 29. b3 {[%emt 0:00:12]} Bb6 {[%emt 0:00:11]} 30. Nb2 {[%emt 0:00:11]} a5 {[%emt 0:00:08]} 31. Qc4 {[%emt 0:01:00]} Qxc4 {[%emt 0:00:04]} 32. Nxc4 {[%emt 0:00:02]} Bc7 {[%emt 0:00:01]} 33. Kg2 {[%emt 0:00:16]} Rc6 {[%emt 0:00:01]} 34. f4 {[%emt 0:00:36]} exf4 {[%emt 0:00:02]} 35. Rxd4 {[%emt 0:00:02]} fxg3 {[%emt 0:00:02]} 36. hxg3 {[%emt 0:00:01]} Rg6 {[%emt 0:00:04]} 37. Re3 {[%emt 0:00:02]} Bc6 {[%emt 0:00:02]} 38. Kf2 {[%emt 0:00:30]} Rf6+ {[%emt 0:00:05]} 39. Ke2 {[%emt 0:00:02]} Rg6 {[%emt 0:00:02]} 40. e5 {[%emt 0:00:01]} Rh6 {[%emt 0:00:13]} 41. e6 {[%emt 0:00:12]} Rh2+ {[%emt 0:00:06]} 42. Kd3 {[%emt 0:00:02]} Be8 {[%emt 0:00:01]} 43. Rf3 {[%emt 0:00:16]} Bg6+ {[%emt 0:00:06]} 44. Ke3 {[%emt 0:00:02]} Rh1 {[%emt 0:00:04]} 45. Rd7 {[%emt 0:00:02]} Bxg3 {[%emt 0:00:20]} 46. Rd8+ {[%emt 0:00:04]} 1-0

[Event "European Online Club-ch-I 2021"]
[Site "Online"]
[Date "2021.03.27"]
[Round "4.14"]
[White "Mammadzada, Gunay"]
[Black "Socko, Bartosz"]
[Result "0-1"]
[WhiteElo "2443"]
[BlackElo "2618"]
[Annotator "ChessBase"]
[PlyCount "132"]
[EventDate "2021.03.27"]
[EventType "team-tourn"]
[EventCountry "NET"]
[SourceTitle "playchess.com"]
[Source "ChessBase"]
[SourceQuality "1"]
[TimeControl "900+5"]

1. e4 {[%emt 0:00:00]} c6 {[%emt 0:00:04]} 2. d4 {[%emt 0:00:03]} d5 {[%emt 0:00:01]} 3. Nc3 {[%emt 0:00:02]} dxe4 {[%emt 0:00:01]} 4. Nxe4 {[%emt 0:00:02]} Bf5 {[%emt 0:00:02]} 5. Ng3 {[%emt 0:00:02]} Bg6 {[%emt 0:00:05]} 6. h4 {[%emt 0:00:01]} h6 {[%emt 0:00:02]} 7. Nf3 {[%emt 0:00:08]} Nd7 {[%emt 0:00:03]} 8. Bd3 {[%emt 0:00:04]} Bxd3 {[%emt 0:00:03]} 9. Qxd3 {[%emt 0:00:02]} e6 {[%emt 0:00:03]} 10. Bd2 {[%emt 0:00:03]} Ngf6 {[%emt 0:00:10]} 11. O-O-O {[%emt 0:00:02]} a5 {[%emt 0:00:01]} 12. Kb1 {[%emt 0:00:03]} a4 {[%emt 0:00:03]} 13. a3 {[%emt 0:01:11]} Be7 {[%emt 0:00:07]} 14. Ne4 {[%emt 0:00:22]} Nxe4 {[%emt 0:00:05]} 15. Qxe4 {[%emt 0:00:01]} Nf6 {[%emt 0:00:01]} 16. Qf4 {[%emt 0:00:44]} Qd5 {[%emt 0:00:10]} 17. Ne5 {[%emt 0:00:53]} Bd6 {[%emt 0:01:21]} 18. f3 {[%emt 0:02:06]} O-O-O {[%emt 0:02:52]} 19. c4 {[%emt 0:01:28]} Bxe5 {[%emt 0:00:03]} 20. dxe5 {[%emt 0:00:02]} Qd3+ {[%emt 0:00:02]} 21. Ka1 {[%emt 0:00:02]} Rd4 {[%emt 0:00:42]} 22. Be3 {[%emt 0:02:54]} Qxd1+ {[%emt 0:00:08]} 23. Rxd1 {[%emt 0:00:03]} Rxf4 {[%emt 0:00:05]} 24. Bxf4 {[%emt 0:00:02]} Nd7 {[%emt 0:00:06]} 25. h5 {[%emt 0:00:33]} Rd8 {[%emt 0:00:17]} 26. Kb1 {[%emt 0:01:56]} Nb6 {[%emt 0:00:35]} 27. Rc1 {[%emt 0:00:08]} Rd3 {[%emt 0:00:05]} 28. Rc2 {[%emt 0:01:11]} Rd1+ {[%emt 0:00:49]} 29. Bc1 {[%emt 0:00:35]} Nd7 {[%emt 0:00:02]} 30. f4 {[%emt 0:01:47]} Nc5 {[%emt 0:00:27]} 31. Rd2 {[%emt 0:00:36]} Rf1 {[%emt 0:00:28]} 32. Kc2 {[%emt 0:00:10]} Rxf4 {[%emt 0:01:44]} 33. Rd8+ {[%emt 0:00:04]} Kxd8 {[%emt 0:00:01]} 34. Bxf4 {[%emt 0:00:02]} Nd7 {[%emt 0:02:07]} 35. Kc3 {[%emt 0:00:07]} c5 {[%emt 0:00:01]} 36. Kd3 {[%emt 0:00:19]} Ke7 {[%emt 0:00:17]} 37. g4 {[%emt 0:00:10]} f6 {[%emt 0:00:08]} 38. exf6+ {[%emt 0:00:06]} Nxf6 {[%emt 0:00:03]} 39. Be5 {[%emt 0:00:04]} Kf7 {[%emt 0:02:49]} 40. Bd6 {[%emt 0:00:02]} Nd7 {[%emt 0:00:01]} 41. Ke4 {[%emt 0:00:05]} Kf6 {[%emt 0:00:01]} 42. Bf4 {[%emt 0:00:03]} e5 {[%emt 0:00:04]} 43. Be3 {[%emt 0:00:03]} Ke6 {[%emt 0:00:01]} 44. Bf2 {[%emt 0:00:09]} Nf6+ {[%emt 0:00:06]} 45. Kf3 {[%emt 0:00:02]} b6 {[%emt 0:00:33]} 46. Bh4 {[%emt 0:00:09]} Kd7 {[%emt 0:00:13]} 47. Bg3 {[%emt 0:00:07]} Kd6 {[%emt 0:00:03]} 48. Bh4 {[%emt 0:00:03]} Ke6 {[%emt 0:00:01]} 49. Bg3 {[%emt 0:00:03]} Ne8 {[%emt 0:00:10]} 50. Ke3 {[%emt 0:00:05]} Nd6 {[%emt 0:00:08]} 51. Kd3 {[%emt 0:00:02]} e4+ {[%emt 0:01:04]} 52. Kc3 {[%emt 0:00:02]} Ne8 {[%emt 0:00:09]} 53. Kd2 {[%emt 0:00:11]} Nf6 {[%emt 0:00:15]} 54. Bc7 {[%emt 0:00:03]} Nxg4 {[%emt 0:00:02]} 55. Bxb6 {[%emt 0:00:03]} Kd6 {[%emt 0:00:03]} 56. Ke2 {[%emt 0:00:12]} Ne5 {[%emt 0:00:03]} 57. Ba5 {[%emt 0:00:03]} Nxc4 {[%emt 0:00:18]} 58. Bc3 {[%emt 0:00:04]} Ne5 {[%emt 0:00:01]} 59. Ke3 {[%emt 0:00:01]} Kd5 {[%emt 0:00:01]} 60. Kf4 {[%emt 0:00:01]} Nd3+ {[%emt 0:00:12]} 61. Ke3 {[%emt 0:00:04]} Ne5 {[%emt 0:00:05]} 62. Kf4 {[%emt 0:00:01]} g5+ {[%emt 0:00:06]} 63. hxg6 {[%emt 0:00:19]} Nxg6+ {[%emt 0:00:01]} 64. Kf5 {[%emt 0:00:08]} Ne7+ {[%emt 0:00:02]} 65. Kg4 {[%emt 0:00:07]} Kc4 {[%emt 0:00:05]} 66. Kf4 {[%emt 0:00:05]} Nd5+ {[%emt 0:00:02]} 0-1

[Event "European Online Club-ch-I 2021"]
[Site "Online"]
[Date "2021.03.27"]
[Round "4.15"]
[White "Tomczak, Jacek"]
[Black "Shahaliyev, Ismayil"]
[Result "1-0"]
[WhiteElo "2610"]
[BlackElo "2413"]
[Annotator "ChessBase"]
[PlyCount "149"]
[EventDate "2021.03.27"]
[EventType "team-tourn"]
[EventCountry "NET"]
[SourceTitle "playchess.com"]
[Source "ChessBase"]
[SourceQuality "1"]
[TimeControl "900+5"]

1. e4 {[%emt 0:00:00]} d6 {[%emt 0:00:06]} 2. d4 {[%emt 0:00:02]} Nf6 {[%emt 0:00:02]} 3. Nc3 {[%emt 0:00:01]} e5 {[%emt 0:00:02]} 4. Nf3 {[%emt 0:00:02]} exd4 {[%emt 0:00:02]} 5. Nxd4 {[%emt 0:00:01]} Be7 {[%emt 0:00:02]} 6. g3 {[%emt 0:00:04]} O-O {[%emt 0:00:04]} 7. Bg2 {[%emt 0:00:02]} Re8 {[%emt 0:00:52]} 8. O-O {[%emt 0:00:03]} Bf8 {[%emt 0:00:01]} 9. Bf4 {[%emt 0:00:32]} Nbd7 {[%emt 0:00:04]} 10. Qd2 {[%emt 0:00:08]} Ne5 {[%emt 0:00:08]} 11. Rae1 {[%emt 0:00:09]} c6 {[%emt 0:00:22]} 12. a4 {[%emt 0:00:43]} a5 {[%emt 0:00:26]} 13. b3 {[%emt 0:00:09]} Ng6 {[%emt 0:01:00]} 14. Be3 {[%emt 0:00:28]} Ng4 {[%emt 0:01:43]} 15. Bg5 {[%emt 0:00:08]} f6 {[%emt 0:00:04]} 16. Be3 {[%emt 0:00:02]} Qc7 {[%emt 0:00:10]} 17. h3 {[%emt 0:00:06]} Nxe3 {[%emt 0:00:03]} 18. Rxe3 {[%emt 0:00:01]} Qb6 {[%emt 0:00:27]} 19. Kh2 {[%emt 0:00:11]} Bd7 {[%emt 0:00:04]} 20. f4 {[%emt 0:00:14]} Rad8 {[%emt 0:00:03]} 21. Rfe1 {[%emt 0:00:27]} Bc8 {[%emt 0:00:27]} 22. h4 {[%emt 0:00:05]} Nh8 {[%emt 0:00:02]} 23. Bh3 {[%emt 0:00:08]} Bxh3 {[%emt 0:00:03]} 24. Kxh3 {[%emt 0:00:01]} Nf7 {[%emt 0:01:23]} 25. Qd1 {[%emt 0:00:06]} Rd7 {[%emt 0:00:22]} 26. Rd3 {[%emt 0:00:06]} Qc5 {[%emt 0:00:32]} 27. h5 {[%emt 0:00:18]} Kh8 {[%emt 0:01:45]} 28. Nf5 {[%emt 0:01:16]} Rdd8 {[%emt 0:00:22]} 29. Kg2 {[%emt 0:00:19]} Qb4 {[%emt 0:00:24]} 30. Qd2 {[%emt 0:00:25]} Qc5 {[%emt 0:00:12]} 31. Re2 {[%emt 0:01:18]} Rd7 {[%emt 0:01:49]} 32. Rd4 {[%emt 0:00:22]} Rdd8 {[%emt 0:00:04]} 33. Qd3 {[%emt 0:00:31]} Qb6 {[%emt 0:00:24]} 34. Qd1 {[%emt 0:01:13]} Qc5 {[%emt 0:00:04]} 35. Rd3 {[%emt 0:00:03]} Rd7 {[%emt 0:00:07]} 36. Ree3 {[%emt 0:00:08]} Rdd8 {[%emt 0:00:07]} 37. Qf3 {[%emt 0:00:30]} Qb4 {[%emt 0:00:08]} 38. Nd1 {[%emt 0:00:18]} Qc5 {[%emt 0:00:20]} 39. Qe2 {[%emt 0:00:39]} Qb4 {[%emt 0:00:15]} 40. Nf2 {[%emt 0:00:06]} Qc5 {[%emt 0:00:13]} 41. Ng4 {[%emt 0:00:15]} h6 {[%emt 0:00:41]} 42. Nf2 {[%emt 0:00:09]} b5 {[%emt 0:00:21]} 43. axb5 {[%emt 0:00:15]} Qxb5 {[%emt 0:00:03]} 44. Qg4 {[%emt 0:00:06]} d5 {[%emt 0:00:08]} 45. exd5 {[%emt 0:00:40]} cxd5 {[%emt 0:00:10]} 46. Nd4 {[%emt 0:00:42]} Qb7 {[%emt 0:00:07]} 47. Kh2 {[%emt 0:00:37]} Nd6 {[%emt 0:00:31]} 48. Qg6 {[%emt 0:00:22]} Ne4 {[%emt 0:00:14]} 49. Nf5 {[%emt 0:00:54]} Qc6 {[%emt 0:00:38]} 50. Nd4 {[%emt 0:00:23]} Qb7 {[%emt 0:00:13]} 51. Ng4 {[%emt 0:00:14]} Qc7 {[%emt 0:00:13]} 52. Re2 {[%emt 0:00:15]} Qd7 {[%emt 0:00:33]} 53. Qf5 {[%emt 0:00:47]} Qxf5 {[%emt 0:00:37]} 54. Nxf5 {[%emt 0:00:03]} Nc5 {[%emt 0:00:03]} 55. Rxe8 {[%emt 0:00:56]} Rxe8 {[%emt 0:00:02]} 56. Rd2 {[%emt 0:00:04]} Rc8 {[%emt 0:00:03]} 57. Rxd5 {[%emt 0:00:04]} a4 {[%emt 0:00:04]} 58. bxa4 {[%emt 0:00:05]} Nxa4 {[%emt 0:00:01]} 59. Nge3 {[%emt 0:00:01]} Bc5 {[%emt 0:00:03]} 60. Kg2 {[%emt 0:00:09]} Nb6 {[%emt 0:00:04]} 61. Rd3 {[%emt 0:00:09]} Kg8 {[%emt 0:00:04]} 62. Kf3 {[%emt 0:00:06]} Kf7 {[%emt 0:00:01]} 63. Nd6+ {[%emt 0:00:11]} Bxd6 {[%emt 0:00:20]} 64. Rxd6 {[%emt 0:00:02]} Rb8 {[%emt 0:00:09]} 65. c4 {[%emt 0:00:14]} g6 {[%emt 0:00:04]} 66. hxg6+ {[%emt 0:00:07]} Kxg6 {[%emt 0:00:02]} 67. c5 {[%emt 0:00:04]} Na4 {[%emt 0:00:02]} 68. c6 {[%emt 0:00:02]} Rb3 {[%emt 0:00:06]} 69. f5+ {[%emt 0:00:31]} Kg5 {[%emt 0:00:05]} 70. Rd4 {[%emt 0:00:04]} Nb6 {[%emt 0:00:07]} 71. Rg4+ {[%emt 0:00:10]} Kh5 {[%emt 0:00:02]} 72. Rg6 {[%emt 0:00:01]} Nd5 {[%emt 0:00:06]} 73. g4+ {[%emt 0:00:02]} Kh4 {[%emt 0:00:03]} 74. Rxh6+ {[%emt 0:00:01]} Kg5 {[%emt 0:00:02]} 75. Rh5# {[%emt 0:00:01]} 1-0

[Event "European Online Club-ch-I 2021"]
[Site "Online"]
[Date "2021.03.27"]
[Round "4.16"]
[White "Bashirli, Nail"]
[Black "Klekowski, Maciej"]
[Result "1-0"]
[WhiteElo "2382"]
[BlackElo "2510"]
[Annotator "ChessBase"]
[PlyCount "81"]
[EventDate "2021.03.27"]
[EventType "team-tourn"]
[EventCountry "NET"]
[SourceTitle "playchess.com"]
[Source "ChessBase"]
[SourceQuality "1"]
[TimeControl "900+5"]

1. e4 {[%emt 0:00:00]} c5 {[%emt 0:00:02]} 2. Nc3 {[%emt 0:00:02]} Nc6 {[%emt 0:00:02]} 3. Bb5 {[%emt 0:00:12]} Nd4 {[%emt 0:00:02]} 4. Nf3 {[%emt 0:00:02]} a6 {[%emt 0:00:01]} 5. Bd3 {[%emt 0:00:02]} g6 {[%emt 0:00:05]} 6. O-O {[%emt 0:00:04]} Bg7 {[%emt 0:00:05]} 7. Nxd4 {[%emt 0:00:11]} cxd4 {[%emt 0:00:12]} 8. Ne2 {[%emt 0:00:03]} d5 {[%emt 0:00:01]} 9. exd5 {[%emt 0:03:10]} Qxd5 {[%emt 0:00:01]} 10. c3 {[%emt 0:00:01]} dxc3 {[%emt 0:02:08]} 11. dxc3 {[%emt 0:00:07]} Nf6 {[%emt 0:00:01]} 12. Qc2 {[%emt 0:02:08]} O-O {[%emt 0:00:07]} 13. Rd1 {[%emt 0:00:02]} Qc6 {[%emt 0:00:19]} 14. Bf4 {[%emt 0:00:07]} Re8 {[%emt 0:00:54]} 15. Nd4 {[%emt 0:00:44]} Qb6 {[%emt 0:00:49]} 16. Re1 {[%emt 0:00:05]} Nd5 {[%emt 0:02:41]} 17. Be5 {[%emt 0:00:03]} f6 {[%emt 0:00:37]} 18. Bg3 {[%emt 0:00:47]} e5 {[%emt 0:00:22]} 19. Bc4 {[%emt 0:00:26]} Rd8 {[%emt 0:00:13]} 20. Qe4 {[%emt 0:00:49]} exd4 {[%emt 0:05:38]} 21. Bxd5+ {[%emt 0:00:03]} Kh8 {[%emt 0:00:01]} 22. Qe8+ {[%emt 0:00:22]} Rxe8 {[%emt 0:00:03]} 23. Rxe8+ {[%emt 0:00:01]} Bf8 {[%emt 0:00:00]} 24. Rxf8+ {[%emt 0:00:02]} Kg7 {[%emt 0:00:01]} 25. Rg8+ {[%emt 0:00:26]} Kh6 {[%emt 0:00:02]} 26. h4 {[%emt 0:00:01]} Qa5 {[%emt 0:02:18]} 27. Bf3 {[%emt 0:00:56]} g5 {[%emt 0:00:21]} 28. hxg5+ {[%emt 0:00:11]} fxg5 {[%emt 0:00:00]} 29. Rd1 {[%emt 0:00:11]} Qxa2 {[%emt 0:00:02]} 30. Rd8 {[%emt 0:00:33]} Bf5 {[%emt 0:00:10]} 31. Rxa8 {[%emt 0:00:09]} d3 {[%emt 0:00:03]} 32. Rf8 {[%emt 0:00:41]} Bg6 {[%emt 0:00:07]} 33. Kh2 {[%emt 0:00:19]} Qa4 {[%emt 0:00:04]} 34. b4 {[%emt 0:00:46]} Kg7 {[%emt 0:00:04]} 35. Rb8 {[%emt 0:00:07]} b5 {[%emt 0:00:10]} 36. Be5+ {[%emt 0:00:13]} Kf7 {[%emt 0:00:01]} 37. Bd5+ {[%emt 0:00:06]} Ke7 {[%emt 0:00:01]} 38. Rb7+ {[%emt 0:00:03]} Kd8 {[%emt 0:00:05]} 39. Re1 {[%emt 0:00:08]} d2 {[%emt 0:00:10]} 40. Bf6+ {[%emt 0:00:02]} Kc8 {[%emt 0:00:02]} 41. Ree7 {[%emt 0:00:01]} 1-0

[Event "European Online Club-ch-I 2021"]
[Site "Online"]
[Date "2021.03.27"]
[Round "4.17"]
[White "Anton Guijarro, David"]
[Black "Saric, Ivan"]
[Result "0-1"]
[WhiteElo "2673"]
[BlackElo "2648"]
[Annotator "TA"]
[PlyCount "70"]
[EventDate "2021.03.27"]
[EventType "team-tourn"]
[EventCountry "NET"]
[SourceTitle "playchess.com"]
[Source "ChessBase"]
[SourceQuality "1"]

{[%evp 9,70,2,14,11,25,21,9,14,47,25,75,50,57,10,30,0,0,0,0,0,5,6,10,7,8,-96,-85,-78,-42,-42,-42,-52,-42,-42,-44,-54,-53,-105,-94,-150,-156,-144,-175,-184,-178,-200,-200,-198,-195,-319,-316,-364,-364,-357,-322,-491,-490,-464,-448,-2300,-1902,-29980,-29979]} 1. Nf3 d5 2. c4 d4 3. b4 Bg4 4. g3 Bxf3 5. exf3 e5 6. b5 {A09: Réti Opening: 1 Nf3 d5 2 c4.} Nd7 7. Bg2 Bd6 8. O-O {The position is equal.} Nc5 {[#]} 9. Ba3 $146 ({Predecessor:} 9. f4 exf4 10. Bb2 Qf6 11. d3 Ne7 12. Nd2 Rb8 13. Nf3 Ne6 14. Nd2 Nc5 15. Nf3 Ne6 16. Nd2 {½-½ (16) Efimenko,Z (2637)-Adly,A (2631) Konya 2018}) 9... Nf6 10. Bxc5 Bxc5 11. Re1 O-O $1 12. Rxe5 d3 {[#] aiming for ...Bd4.} 13. Rxc5 {Threatens to win with Nc3.} Qd4 14. Rxc7 {And now Nc3 would win.} Qxa1 15. Nc3 Qxd1+ 16. Nxd1 Rfc8 17. Rxc8+ (17. Rxb7 $11 Rxc4 18. Nb2) 17... Rxc8 $11 {[%mdl 4096] Endgame KRN-KBN} 18. Ne3 a6 19. a4 axb5 20. axb5 Nd7 21. Bh3 Rd8 22. Bxd7 Rxd7 $15 {KR-KN} 23. Kf1 (23. Kg2 $15) 23... Kf8 $17 {[%mdl 1024] Black has strong compensation.} 24. Ke1 ({White should play} 24. Nd5) 24... Rd8 25. Kd1 Ra8 {[%cal Ra8a1] [#]} 26. Kc1 Ra2 27. h4 g6 28. f4 Ke8 29. f5 (29. f3 {might work better.}) 29... gxf5 $19 30. Nxf5 Rc2+ 31. Kd1 Kd7 32. Nh6 (32. Ne3 $142 Ra2 33. Kc1) 32... Ke6 33. f4 Rxc4 34. f5+ (34. Ng4 $142 Rb4 35. Ke1) 34... Kf6 35. g4 Kg7 {Weighted Error Value: White=0.71/Black=0.05} 0-1

[Event "European Online Club-ch-I 2021"]
[Site "Online"]
[Date "2021.03.27"]
[Round "4.18"]
[White "Heberla, Bartlomiej"]
[Black "Mareco, Sandro"]
[Result "1-0"]
[WhiteElo "2556"]
[BlackElo "2629"]
[Annotator "ChessBase"]
[PlyCount "73"]
[EventDate "2021.03.27"]
[EventType "team-tourn"]
[EventCountry "NET"]
[SourceTitle "playchess.com"]
[Source "ChessBase"]
[SourceQuality "1"]
[TimeControl "900+5"]

1. d4 {[%emt 0:00:00]} Nf6 {[%emt 0:00:04]} 2. c4 {[%emt 0:00:03]} e6 {[%emt 0:00:02]} 3. Nc3 {[%emt 0:00:01]} d5 {[%emt 0:00:02]} 4. cxd5 {[%emt 0:00:03]} exd5 {[%emt 0:00:01]} 5. Bg5 {[%emt 0:00:02]} c6 {[%emt 0:00:03]} 6. e3 {[%emt 0:00:01]} Be7 {[%emt 0:00:02]} 7. Bd3 {[%emt 0:00:03]} Nbd7 {[%emt 0:00:04]} 8. h3 {[%emt 0:00:02]} Nf8 {[%emt 0:00:17]} 9. Nf3 {[%emt 0:00:39]} Ne6 {[%emt 0:00:03]} 10. Bh4 {[%emt 0:00:06]} g6 {[%emt 0:00:09]} 11. O-O {[%emt 0:01:40]} O-O {[%emt 0:00:04]} 12. Rb1 {[%emt 0:00:13]} Ne8 {[%emt 0:00:07]} 13. Bxe7 {[%emt 0:00:20]} Qxe7 {[%emt 0:00:01]} 14. b4 {[%emt 0:00:02]} a6 {[%emt 0:00:14]} 15. a4 {[%emt 0:00:09]} Ng5 {[%emt 0:00:31]} 16. b5 {[%emt 0:01:16]} axb5 {[%emt 0:02:12]} 17. axb5 {[%emt 0:00:04]} Ra3 {[%emt 0:00:13]} 18. Rc1 {[%emt 0:00:03]} Nxf3+ {[%emt 0:01:30]} 19. Qxf3 {[%emt 0:02:02]} Qb4 {[%emt 0:00:05]} 20. Nxd5 {[%emt 0:00:14]} cxd5 {[%emt 0:00:03]} 21. Rxc8 {[%emt 0:00:02]} Rxd3 {[%emt 0:00:04]} 22. Qxd5 {[%emt 0:00:02]} Rb3 {[%emt 0:02:28]} 23. Qxb7 {[%emt 0:01:05]} Nd6 {[%emt 0:02:28]} 24. Rxf8+ {[%emt 0:00:07]} Kxf8 {[%emt 0:00:02]} 25. Qb8+ {[%emt 0:00:20]} Ne8 {[%emt 0:01:20]} 26. Qe5 {[%emt 0:00:21]} f6 {[%emt 0:00:03]} 27. Qe4 {[%emt 0:00:27]} Qxb5 {[%emt 0:00:05]} 28. Ra1 {[%emt 0:00:04]} Qb7 {[%emt 0:00:05]} 29. Qc2 {[%emt 0:00:09]} Qb6 {[%emt 0:01:12]} 30. Ra8 {[%emt 0:00:35]} Rb1+ {[%emt 0:00:07]} 31. Kh2 {[%emt 0:00:01]} Qd6+ {[%emt 0:01:11]} 32. f4 {[%emt 0:00:03]} Rb8 {[%emt 0:00:09]} 33. Ra7 {[%emt 0:00:09]} Qe6 {[%emt 0:01:27]} 34. Qc5+ {[%emt 0:01:58]} Kg8 {[%emt 0:00:42]} 35. Re7 {[%emt 0:00:15]} Qa2 {[%emt 0:00:24]} 36. Qc6 {[%emt 0:00:31]} Ng7 {[%emt 0:00:15]} 37. Qc7 {[%emt 0:00:29]} 1-0